00424pab a2200145 454500008004000000100002800040245008000068260000900148300001300157362001100170650001900181650003100200650001300231773003400244180718b2018 xxu||||| |||| 00| 0 eng d aSengupta, Kaustubh Mani aEducation training and refugee rehabilitation in post-partition West Bengal c2018 ap.58-65. a27 Jan aRehabilitation aRefugees-India-West Bengal aRefugees aEconomic and Political Weekly